01284nam a2200385 i 4500001000700000003000800007005001700015006001900032007001500051008004100066020001800107020002700125035002300152035002400175035002500199035002100224040003100245050002100276080001000297082001400307100003200321245004700353264006700400300004000467336003100507337003300538338004300571490001800614588012500632650001500757650001800772655002700790830001900817856006200836136956FlNmELB20241217181054.0m o d | cr cnu||||||||150311s2014 sp o 000 0 spa d z9788481026535 a9788481027389 (e-book) a(MiAaPQ)EBC3227749 a(Au-PeEL)EBL3227749 a(CaPaEBR)ebr11013692 a(OCoLC)991965194 aFINmELBbspaerdacFINmELB 4aRC346bO874 2014 a616.80 a616.82231 aOterino Durán, Agustín.10aNeurología /cAgustín Oterino Durán. 1aSantander :bEditorial de la Universidad de Cantabria,c[2014] a1 recurso en línea (41 páginas) atextobtxt2rdacontent/spa acomputadorabc2rdamedia/spa arecurso en líneabcr2rdacarrier/spa1 aMe gusta ;v4 aDescripción basada en recurso en línea; Título de la página del título en PDF (e-libro, visto March 11, 2015). 0aNeurology. 4aNeurología. 4aLibros electrónicos. 0aMe gusta ;v4.40uhttps://elibro.net/ereader/politecnicointernacional/53389